Oxford pictorial atlas of Indian history / (Record no. 260)
[ view plain ]
| 000 -LEADER | |
|---|---|
| fixed length control field | 00445cam a2200169ua 4500 |
| 041 ## - LANGUAGE CODE | |
| Language code of text/sound track or separate title | eng |
| 082 ## - DEWEY DECIMAL CLASSIFICATION NUMBER | |
| Classification number | 954 |
| Item number | SRI/OX |
| 100 ## - MAIN ENTRY--AUTHOR NAME | |
| Personal name | Srinivas Kini, K. |
| 245 ## - TITLE STATEMENT | |
| Title | Oxford pictorial atlas of Indian history / |
| 250 ## - EDITION STATEMENT | |
| Edition statement | 8 / |
| 260 ## - PUBLICATION, DISTRIBUTION, ETC. (IMPRINT) | |
| Place of publication | Calcutta : |
| Name of publisher | Oxford University Press , |
| Year of publication | 1962. |
| 300 ## - PHYSICAL DESCRIPTION | |
| Number of Pages | 72 ; . |
| 700 1# - ADDED ENTRY--PERSONAL NAME | |
| Personal name | Bhavani Shanker Rao, U. |
| 942 ## - ADDED ENTRY ELEMENTS (KOHA) | |
| Koha item type | Books |
| Withdrawn status | Lost status | Damaged status | Home library | Current library | Date acquired | Full call number | Accession Number | Koha item type |
|---|---|---|---|---|---|---|---|---|
| Withdrawn | KAUAET | Malayalam University | 07/04/2012 | 954 | 2559 | Books |
